Focus update (Record no. 77264)

MARC details
000 -LEADER
fixed length control field 00869cab a2200241 4500
001 - CONTROL NUMBER
control field ##L133928
008 - FIXED-LENGTH DATA ELEMENTS--GENERAL INFORMATION
fixed length control field 060621n2006 000 0 eng u
035 ## - SYSTEM CONTROL NUMBER
System control number (Sirsi) u133928
041 0# - LANGUAGE CODE
Language code of text/sound track or separate title eng
100 1# - MAIN ENTRY--PERSONAL NAME
Personal name Thame, David
245 00 - TITLE STATEMENT
Title Focus update
Remainder of title East Midlands
260 ## - PUBLICATION, DISTRIBUTION, ETC.
Date of publication, distribution, etc. 2006
490 #0 - SERIES STATEMENT
Series statement Estates Gazette
Volume/sequential designation (0624) 17 June 2006, 131-161(9)
520 ## - SUMMARY, ETC.
Summary, etc. Looks at the smaller regional centres revitalising their retail and leisure; the region's booming office market; industrial market statistics and new green warehouse initiatives; and land supply limitations threatening Northants' industrial market.
590 ## - LOCAL NOTE (RLIN)
Local note IKA040706
651 #4 - SUBJECT ADDED ENTRY--GEOGRAPHIC NAME
Geographic name EAST MIDLANDS
651 #4 - SUBJECT ADDED ENTRY--GEOGRAPHIC NAME
Geographic name NORTHANTS
690 ## - LOCAL SUBJECT ADDED ENTRY--TOPICAL TERM (OCLC, RLIN)
Topical term or geographic name as entry element PROPERTY-COMMERCIAL PROPERTY-COMMERCIAL PROPERTY MARKET
700 1# - ADDED ENTRY--PERSONAL NAME
Personal name Halstead, Ian
700 1# - ADDED ENTRY--PERSONAL NAME
Personal name Pilkington, Lisa
700 1# - ADDED ENTRY--PERSONAL NAME
Personal name Jack, Simon
942 ## - ADDED ENTRY ELEMENTS (KOHA)
Suppress in OPAC 0
Holdings
Withdrawn status Lost status Source of classification or shelving scheme Damaged status Not for loan Home library Current library Shelving location Date acquired Total Checkouts Full call number Barcode Date last seen Copy number Price effective from Koha item type
    Dewey Decimal Classification     London London Journal article 21/06/2006   L133928 133928-1001 06/08/2019 1 06/08/2019 Journal article